000 00191 a2200097 4500
001 602
100 _aGlickstein,C
245 _aBasic Altrasonics
260 _a
_bRider
_c
090 _c202
_d202
942 _aNUST-CAE
_cM
_c11336
999 _c235675
_d235675